Loading...
| Fine Arts - Classical Music | 0 | 7 | 2 | 2 | 60 | 82 | 122.71 | 0 | 1 |
| Science - Physics | 0 | 6 | 1 | 1 | 55 | 57 | 91.00 | 1 | 4 |
| Religion | 0 | 4 | 2 | 1 | 30 | 83 | 111.25 | 1 | 1 |
| Social Science | 0 | 2 | 0 | 0 | 20 | 92 | 102.00 | 0 | 0 |
| Science - Chemistry | 0 | 2 | 1 | 0 | 15 | 132 | 133.00 | 0 | 0 |
| Philosophy | 0 | 2 | 1 | 0 | 15 | 136 | 139.00 | 0 | 0 |
| Other Academic | 0 | 1 | 0 | 0 | 10 | 97 | 97.00 | 0 | 1 |
| Fine Arts - Other Fine Arts | 0 | 3 | 4 | 0 | 10 | 71 | 110.67 | 0 | 0 |
| Mythology | 0 | 1 | 0 | 0 | 10 | 65 | 65.00 | 0 | 0 |
| History - Other History | 0 | 1 | 0 | 0 | 10 | 150 | 150.00 | 0 | 0 |
| Literature - British Literature | 0 | 1 | 0 | 1 | 10 | 144 | 144.00 | 0 | 0 |
| Literature - European Literature | 0 | 1 | 1 | 1 | 5 | 147 | 147.00 | 0 | 0 |
| History - American History | 0 | 1 | 1 | 0 | 5 | 111 | 111.00 | 0 | 0 |
| Science - Other Science | 0 | 1 | 2 | 0 | 0 | 119 | 119.00 | 0 | 0 |
| Literature - World Literature | 0 | 0 | 0 | 0 | 0 | 0.00 | 0 | 0 | |
| Science - Biology | 0 | 0 | 1 | 0 | -5 | 0.00 | 0 | 0 |